Divre emet. (Record no. 32278)
[ view plain ]
| 000 -LEADER | |
|---|---|
| fixed length control field | 00820cam a22002531 4500 |
| 001 - CONTROL NUMBER | |
| control field | he 67000635 |
| 003 - CONTROL NUMBER IDENTIFIER | |
| control field | DLC |
| 005 - DATE AND TIME OF LATEST TRANSACTION | |
| control field | 20260227111445.0 |
| 008 - FIXED-LENGTH DATA ELEMENTS--GENERAL INFORMATION | |
| fixed length control field | 840125s1963 nyu 000 0 heb |
| 010 ## - LIBRARY OF CONGRESS CONTROL NUMBER | |
| LC control number | he 67000635 |
| 035 ## - SYSTEM CONTROL NUMBER | |
| System control number | (OCoLC)19160046 |
| 040 ## - CATALOGING SOURCE | |
| Original cataloging agency | DLC |
| Transcribing agency | MH |
| Modifying agency | DLC |
| 042 ## - AUTHENTICATION CODE | |
| Authentication code | premarc |
| 050 00 - LIBRARY OF CONGRESS CALL NUMBER | |
| Classification number | BM522.44 |
| Item number | .D3 1861a |
| 100 0# - MAIN ENTRY--PERSONAL NAME | |
| Personal name | Isaac ben David, |
| Titles and words associated with a name | of Constantinople, |
| Dates associated with a name | approximately 1700-1758. |
| 245 10 - TITLE STATEMENT | |
| Title | Divre emet. |
| 260 ## - PUBLICATION, DISTRIBUTION, ETC. | |
| Place of publication, distribution, etc. | New York : |
| Name of publisher, distributor, etc. | Printed by Edison Lithographing and Printing Corp. |
| Date of publication, distribution, etc. | [1963?] |
| 300 ## - PHYSICAL DESCRIPTION | |
| Extent | 136, 8 leaves ; |
| Dimensions | 35 cm. |
| 500 ## - GENERAL NOTE | |
| General note | Photo-offset of Halberstadt 1861 (?) ed. without "derushim" [39 leaves at end] |
| 630 00 - SUBJECT ADDED ENTRY--UNIFORM TITLE | |
| Uniform title | Talmud |
| General subdivision | Commentaries. |
| 650 #0 - SUBJECT ADDED ENTRY--TOPICAL TERM | |
| Topical term or geographic name entry element | Responsa |
| Chronological subdivision | 1600-1800. |
| 752 ## - ADDED ENTRY--HIERARCHICAL PLACE NAME | |
| Country or larger entity | Germany |
| City | Halberstadt |
| 752 ## - ADDED ENTRY--HIERARCHICAL PLACE NAME | |
| Country or larger entity | United States |
| First-order political jurisdiction | New York |
| City | New York |
No items available.